000 00664nam a2200265Ia 4500
005 20260121171327.0
008 008 260114s9999 xx 000 0 eng d
020 _a9789811386459
037 _aEBOOK
040 _aCRL
040 _beng
040 _cCRL
041 _2eng
041 _aeng
084 _qCRL
100 _aJeanne Marie Iorio, Clifton S. Tanabe
_91074862
245 0 _aHigher Education and the Practice of Hope
260 _bSpringer
260 _bSpringer
260 _c2019
856 _uhttps://link.springer.com/openurl?genre=book&isbn=978-981-13-8645-9
942 _cEBOOK
999 _c1640592
_d1640592